| 000 | 00489nam a2200169 a 4500 | ||
|---|---|---|---|
| 001 | 000041296 | ||
| 005 | 20201002034750.0 | ||
| 008 | 130930s1990 ag 000 0 spa d | ||
| 020 | _a9501501949 | ||
| 040 |
_aDO-SdBNP _bspa _cBNPHU |
||
| 082 |
_axxx _bxxx |
||
| 100 | 1 |
_aFallaci, Oriana _959775 |
|
| 240 | 1 | 0 | _aUn uomo |
| 245 | 1 | 3 |
_aUn hombre / _cOriana Fallaci; traducción, AnÃbal Leal. |
| 260 |
_aBuenos Aires, Argentina : _bJavier Vergara Editor, _c1990. |
||
| 300 |
_a457 p. ; _c22 cm. |
||
| 999 |
_c40786 _d40786 |
||